| 000 | 00787nam a2200241Ia 4500 | ||
|---|---|---|---|
| 003 | OSt | ||
| 005 | 20220926020746.0 | ||
| 006 | a|||||r|||| 00| 0 | ||
| 007 | ta | ||
| 008 | 220923b |||||||| |||| 00| 0 eng d | ||
| 020 |
_a9781402088612 _c6706.9799999999996 |
||
| 037 |
_b45, 17/09/2010, Indu Book Services _cGeneral Book |
||
| 040 |
_aRTL _cRTL _beng |
||
| 041 |
_2eng _aeng |
||
| 082 | _aX:51:(U673), P9 | ||
| 100 |
_aLALL Somik V. _9325087 |
||
| 245 | 0 |
_aUrban land markets _b Improving land management for successful urbanization |
|
| 260 |
_aNew York _bSpringer _c2009 |
||
| 300 |
_axxxviii, 408p _ccm. |
||
| 650 | _aCommerce | ||
| 942 |
_hX:51:(U673), P9 _cGB _2CC |
||
| 999 |
_c634970 _d634970 |
||